The thought revolution /

Bibliographic Details
Main Author: Dong, Jiping
Other Authors: Evans, Humphrey
Format: Book
Language:English
Published: New York : Coward-McCann, [1966]
Subjects:

MARC

Tag First Indicator Second Indicator Subfields
LEADER 00000cam a2200000 4500
001 in00000038932
005 20151007081405.0
008 740709s1966 nyu 00010aeng u
010 |a  66013121  
035 |a (OCoLC)00940083 
035 |9 AAF6308AM 
040 |c TOL  |d TXA  |d UtOrBLW 
049 |a TXAM  |c [460104] 
050 0 0 |a DS777.55  |b .T88 
082 0 |a 320.951 
092 |a 320.951  |b T926t 
100 1 |a Dong, Jiping. 
245 1 4 |a The thought revolution /  |c by Tung Chi-ping and Humphrey Evans. 
264 1 |a New York :  |b Coward-McCann,  |c [1966] 
300 |a 254 pages ;  |c 22 cm. 
336 |a text  |b txt  |2 rdacontent 
337 |a unmediated  |b n  |2 rdamedia 
338 |a volume  |b nc  |2 rdacarrier 
500 |a Autobiographical. 
650 0 |a Brainwashing. 
651 0 |a China  |x Intellectual life. 
700 1 |a Evans, Humphrey. 
999 |a MARS 
999 f f |s a2ba8e82-3a4a-35d4-bdf3-27932d2ef09f  |i 86194ad7-7063-33b7-a14c-4c1c9788d1ff  |t 0 
952 f f |p ric  |a Texas A&M University  |b Rellis Campus  |c Joint Library Facility  |d Remote Storage  |t 0  |e DS777.55 .T88  |h Library of Congress classification  |i unmediated -- volume  |m A14800660598 
998 f f |a DS777.55 .T88  |t 0  |l Remote Storage